X TEAMS HOW TO BUILD TEAMS THAT LEAD INN (Record no. 7489)

MARC details
000 -LEADER
fixed length control field 00366nam a2200133Ia 4500
008 - FIXED-LENGTH DATA ELEMENTS--GENERAL INFORMATION
fixed length control field 240624s9999 xx 000 0 und d
041 ## - LANGUAGE CODE
Language code of text/sound track or separate title eng
082 ## - DEWEY DECIMAL CLASSIFICATION NUMBER
Classification number 658.4022 ANC
100 ## - MAIN ENTRY--PERSONAL NAME
Personal name ANCONA DEBORAH
245 ## - TITLE STATEMENT
Title X TEAMS HOW TO BUILD TEAMS THAT LEAD INN
260 ## - PUBLICATION, DISTRIBUTION, ETC.
Date of publication, distribution, etc. 2007
Place of publication, distribution, etc. Boston
Name of publisher, distributor, etc. Harvard Businesss School Press
300 ## - PHYSICAL DESCRIPTION
Extent xi, : 260 : . : cm. ; 24
365 ## - TRADE PRICE
Currency code
Price amount 30
Holdings
Withdrawn status Lost status Damaged status Not for loan Home library Current library Shelving location Date acquired Source of acquisition Cost, normal purchase price Full call number Barcode Date last seen Copy number Price effective from Koha item type
        IMTN IMTN Rack 26-B 11/27/2007 IBH 29.95 658.4022 ANC 7489 06/24/2024 39.34 06/24/2024 Books
Designed & Maintained by: LRC IMT Nagpur Contact: lrc@imtnag.ac.in© 2024. All Rights Reserved.